| 000 | 00412nam a2200157Ia 4500 | ||
|---|---|---|---|
| 003 | SGT | ||
| 020 | _a9789350141533 | ||
| 082 |
_a5.453 _bPAN |
||
| 100 | _aPandey,Adesh K | ||
| 245 | _aElements of Compiler Design | ||
| 260 |
_bS.K. Kataria & SONS _aN.Delhi _c2012 |
||
| 300 | _a354p. | ||
| 650 | _aCOMPUTER SCIENCE | ||
| 653 | _aLEXICAL ANALYSIS, SYNTAX ANALYSIS, TOP DOWN PARSING TECHNIQUES | ||
| 942 |
_2ddc _cBK |
||
| 999 |
_c5455 _d5455 |
||